000 00483nmm a2200157Ia 4500
008 251105s9999||||xx |||||||||||||||||und||
020 _a9788415781912
041 _aspa
100 _aGalan Gutierrez, Carlos Javier
245 0 _aNominas, seguridad social, contratación laboral 2014
264 _a[Madrid, España] :
_bFC Editorial,
_c2014
300 _a270 páginas
650 _aEconomics and Business
856 _uhttps://public.digitaliapublishing.com/a/37896
942 _cCF
999 _c77061
_d77061